Raíces

Gespeichert in:
Bibliographische Detailangaben
1. Verfasser: Montero Vega, Arturo
Format: Buch
Sprache:Undetermined
Veröffentlicht: San José, Costa Rica [s.n.] 1973
Schlagworte:
Tags: Tag hinzufügen
Keine Tags, Fügen Sie den ersten Tag hinzu!

MARC

LEADER 00000nam a2200000Ia 4500
008 170316s9999 xx 000 0 und d
040 |a cru BVZT 
090 |a 868 M-12r 
100 |a Montero Vega, Arturo 
245 |a Raíces 
260 |a San José, Costa Rica 
260 |b [s.n.] 
260 |c 1973 
300 |a 52 páginas 
650 |a LITERATURA COSTARRICENSE 
650 |a POESÍA 
942 |c 15 D 
999 |c 11290  |d 11290